<?xml version="1.0" encoding="UTF-8"?>
<record
    xmlns:xsi="http://www.w3.org/2001/XMLSchema-instance"
    xsi:schemaLocation="http://www.loc.gov/MARC21/slim http://www.loc.gov/standards/marcxml/schema/MARC21slim.xsd"
    xmlns="http://www.loc.gov/MARC21/slim">

  <leader>00740nam a22002297a 4500</leader>
  <controlfield tag="003">OSt</controlfield>
  <controlfield tag="005">20250828200948.0</controlfield>
  <controlfield tag="008">250828b        |||||||| |||| 00| 0 sp  d</controlfield>
  <datafield tag="040" ind1=" " ind2=" ">
    <subfield code="a">cunsuroc</subfield>
    <subfield code="b">esp</subfield>
    <subfield code="c">anacap</subfield>
  </datafield>
  <datafield tag="082" ind1=" " ind2=" ">
    <subfield code="2">14ed</subfield>
    <subfield code="a">338.98 C268:14</subfield>
  </datafield>
  <datafield tag="100" ind1=" " ind2=" ">
    <subfield code="a">Cardoso, Fernando Henrique</subfield>
    <subfield code="9">6563</subfield>
  </datafield>
  <datafield tag="245" ind1=" " ind2=" ">
    <subfield code="a">Dependencia y desarrollo en am&#xE9;rica Latina</subfield>
    <subfield code="c">Cardoso, Fernando Henrique</subfield>
  </datafield>
  <datafield tag="250" ind1=" " ind2=" ">
    <subfield code="a">14ed.</subfield>
  </datafield>
  <datafield tag="260" ind1=" " ind2=" ">
    <subfield code="a">M&#xE9;xico:</subfield>
    <subfield code="b">Siglo XXI,</subfield>
    <subfield code="c">1978</subfield>
  </datafield>
  <datafield tag="300" ind1=" " ind2=" ">
    <subfield code="a">viii,, 213p. </subfield>
    <subfield code="c">; 18cm.</subfield>
  </datafield>
  <datafield tag="365" ind1=" " ind2=" ">
    <subfield code="b">1</subfield>
    <subfield code="d">3.25</subfield>
    <subfield code="j">mx</subfield>
  </datafield>
  <datafield tag="490" ind1=" " ind2=" ">
    <subfield code="a">Sociolog&#xED;a y Pol&#xED;tica</subfield>
  </datafield>
  <datafield tag="650" ind1=" " ind2=" ">
    <subfield code="2">Am&#xE9;rica Latina - Pol&#xED;tica Econ&#xF3;mica</subfield>
  </datafield>
  <datafield tag="650" ind1=" " ind2=" ">
    <subfield code="2">Sociolog&#xED;a</subfield>
  </datafield>
  <datafield tag="700" ind1=" " ind2=" ">
    <subfield code="a">Faletto, Enzo, coaut</subfield>
    <subfield code="9">15086</subfield>
  </datafield>
  <datafield tag="942" ind1=" " ind2=" ">
    <subfield code="2">ddc</subfield>
    <subfield code="c">BK</subfield>
    <subfield code="e">14ed.</subfield>
    <subfield code="h">338.98 C268:14</subfield>
    <subfield code="n">0</subfield>
  </datafield>
  <datafield tag="999" ind1=" " ind2=" ">
    <subfield code="c">6433</subfield>
    <subfield code="d">6433</subfield>
  </datafield>
  <datafield tag="952" ind1=" " ind2=" ">
    <subfield code="0">0</subfield>
    <subfield code="1">0</subfield>
    <subfield code="2">ddc</subfield>
    <subfield code="4">0</subfield>
    <subfield code="7">0</subfield>
    <subfield code="8">NFIC</subfield>
    <subfield code="a">CUM</subfield>
    <subfield code="b">CUM</subfield>
    <subfield code="c">GEN</subfield>
    <subfield code="d">2025-08-28</subfield>
    <subfield code="e">comprado</subfield>
    <subfield code="f">Estanter&#xED;a</subfield>
    <subfield code="g">3.25</subfield>
    <subfield code="i">56H543-79/259</subfield>
    <subfield code="l">0</subfield>
    <subfield code="o">338.98 C268:14</subfield>
    <subfield code="p">56HB00000259</subfield>
    <subfield code="r">2025-08-28 20:11:52</subfield>
    <subfield code="t">c. 1</subfield>
    <subfield code="w">2025-08-28</subfield>
    <subfield code="y">BK</subfield>
  </datafield>
</record>
